[Event "Challenge"]
[Site "http://www.queenalice.com/game.php?id=40826"]
[Date "2005.12.1"]
[Round "-"]
[White "meroej"]
[Black "carlog"]
[Result "0-1"]
[WhiteElo "1765"]
[BlackElo "1711"]

1. e4 e6 2. d4 d5 3. e5 c5 4. c3 Nc6 5. Nf3 Qb6 6. Be2 cxd4 7. cxd4 Bb4+ 8. Nc3
Nge7 9. O-O O-O 10. a3 Bxc3 11. bxc3 Na5 12. Bd3 Ng6 13. h4 Qd8 14. h5 Nh4 15.
h6 g6 16. g3 Nxf3+ 17. Qxf3 Nb3 18. Rb1 Nxc1 19. Rfxc1 f6 20. Qg4 f5 21. Qf3 Qg5
22. Kg2 f4 23. g4 Qxh6 24. Rh1 Qg5 25. Rbg1 Bd7 0-1

[Event "AUTO-MASTER-78"]
[Site "http://www.queenalice.com/game.php?id=41743"]
[Date "2005.12.5"]
[Round "1"]
[White "razoman"]
[Black "meroej"]
[Result "1-0"]
[WhiteElo "1890"]
[BlackElo "1765"]

1. e4 e6 2. Nf3 d5 3. e5 c5 4. Bb5+ Bd7 5. Be2 Nc6 6. c3 c4 7. b4 b5 8. O-O a5
9. bxa5 Rxa5 10. Bb2 Qa8 11. d4 Rxa2 12. Rxa2 Qxa2 13. Qc1 Nge7 14. Re1 Nc8 15.
Bd1 b4 16. Re2 Qa7 17. Qf4 Be7 18. Ng5 Bxg5 19. Qxg5 O-O 20. Re3 1-0

[Event "AUTO-MASTER-78"]
[Site "http://www.queenalice.com/game.php?id=41744"]
[Date "2005.12.5"]
[Round "1"]
[White "meroej"]
[Black "razoman"]
[Result "0-1"]
[WhiteElo "1778"]
[BlackElo "1865"]

1. e4 c5 2. Nf3 Nc6 3. c3 a6 4. d4 cxd4 5. cxd4 d5 6. e5 Bf5 7. Bd2 e6 8. Be2
Nge7 9. O-O Ng6 10. a3 Be7 11. Nc3 O-O 12. h3 Nh4 13. Nxh4 Bxh4 14. Be3 Bg5 15.
f4 Bh4 16. Kh2 Rc8 17. g3 Be7 18. h4 Bxh4 0-1

[Event "AUTO-MASTER-78"]
[Site "http://www.queenalice.com/game.php?id=41755"]
[Date "2005.12.5"]
[Round "1"]
[White "meroej"]
[Black "refutor"]
[Result "0-1"]
[WhiteElo "1815"]
[BlackElo "1738"]

1. e4 c5 2. Nf3 d6 3. Bc4 Nf6 4. Nc3 Nc6 5. d3 g6 6. Bg5 Bg7 7. O-O O-O 8. h3 a6
9. a4 Nb4 10. Ne2 Be6 11. c3 Bxc4 12. dxc4 Nc6 13. Ng3 Qd7 14. Be3 Rac8 0-1

[Event "AUTO-MASTER-78"]
[Site "http://www.queenalice.com/game.php?id=41756"]
[Date "2005.12.5"]
[Round "1"]
[White "refutor"]
[Black "meroej"]
[Result "1-0"]
[WhiteElo "1757"]
[BlackElo "1796"]

1. Nf3 b6 2. d4 Bb7 3. c4 g6 4. Nc3 Bg7 5. e4 e6 6. Be3 Nc6 7. Be2 Nge7 8. O-O
O-O 9. Qc2 d5 10. e5 Nb4 11. Qb3 a5 12. a3 dxc4 13. Qxc4 Nbd5 14. Nxd5 Bxd5 15.
Qc3 1-0

[Event "AUTO-OPEN-198"]
[Site "http://www.queenalice.com/game.php?id=45409"]
[Date "2005.12.27"]
[Round "1"]
[White "meroej"]
[Black "Orso"]
[Result "0-1"]
[WhiteElo "1759"]
[BlackElo "1869"]

1. e4 Nf6 2. d3 e5 3. Nf3 Nc6 4. Nc3 d5 5. Bg5 Bb4 6. Bd2 d4 7. Ne2 Bxd2+ 8.
Qxd2 Bg4 9. O-O-O Qd6 10. h3 Be6 11. Kb1 h6 12. c3 dxc3 13. Nxc3 O-O-O 14. a3
Rhe8 15. Qe3 a6 16. Be2 Nd4 17. Rd2 Kb8 18. Bd1 c5 19. Ne2 Rc8 20. Nexd4 cxd4
21. Qe2 Rc5 22. Bc2 Rec8 23. Bd1 Rc1# 0-1

[Event "AUTO-OPEN-198"]
[Site "http://www.queenalice.com/game.php?id=45410"]
[Date "2005.12.27"]
[Round "1"]
[White "Orso"]
[Black "meroej"]
[Result "1-0"]
[WhiteElo "1959"]
[BlackElo "1789"]

1. d4 d5 2. c4 c6 3. Nc3 Nf6 4. Nf3 Bg4 5. Ne5 e6 6. Bf4 Bf5 7. e3 Bd6 8. c5
Bxe5 9. Bxe5 Nbd7 10. Bd6 Ne4 11. Nxe4 Bxe4 12. Qb3 Qc8 13. f3 Bg6 14. a4 f6 15.
e4 Kf7 16. Bd3 Re8 17. O-O Kg8 18. Rfc1 Kh8 19. a5 a6 20. Ra4 e5 21. exd5 Bxd3
22. Qxd3 cxd5 23. dxe5 Qc6 24. Rh4 h6 25. exf6 Nxf6 26. Qf5 Ng8 27. Rg4 Rad8 28.
Qf7 Qd7 29. Rxg7 Qxf7 30. Rxf7 1-0

[Event "AUTO-OPEN-198"]
[Site "http://www.queenalice.com/game.php?id=45411"]
[Date "2005.12.27"]
[Round "1"]
[White "meroej"]
[Black "Stulzer"]
[Result "0-1"]
[WhiteElo "1789"]
[BlackElo "1795"]

1. e4 d6 2. d4 Nf6 3. Bd3 e5 4. c3 Nc6 5. Bc2 g6 6. h3 Bg7 7. Nf3 O-O 8. O-O d5
9. Bg5 exd4 10. Nxd4 Nxd4 11. cxd4 dxe4 12. Bxe4 h6 13. Bxf6 Qxf6 14. Nc3 Qxd4
15. Qf3 c6 16. Rfd1 Qf6 17. Qg3 Re8 18. Rd6 Qg5 19. Qd3 Be5 20. Bxc6 bxc6 21.
Rxc6 Bb7 22. Ne4 Qf5 23. Nf6+ Kh8 24. Qxf5 gxf5 25. Nxe8 Bxc6 26. Re1 Rxe8 0-1

[Event "AUTO-OPEN-198"]
[Site "http://www.queenalice.com/game.php?id=45412"]
[Date "2005.12.27"]
[Round "1"]
[White "Stulzer"]
[Black "meroej"]
[Result "1-0"]
[WhiteElo "1926"]
[BlackElo "1789"]

1. e4 e6 2. Nf3 d5 3. exd5 exd5 4. c4 Nf6 5. cxd5 Qxd5 6. Nc3 Qe6+ 7. Be2 Bd6 8.
O-O O-O 9. d4 a6 10. Re1 Qd7 11. Bg5 Ne8 12. Ne5 Bxe5 13. dxe5 Qe6 14. Bf3 c6
15. Qd4 Nc7 16. Rad1 Nd7 17. h3 c5 18. Qh4 h6 19. Bd8 Ne8 20. Bg4 Qc6 21. Nd5
Qa4 22. e6 f6 23. Ne7+ Kh8 24. Ng6+ Kg8 25. exd7 1-0

[Event "AUTO-OPEN-198"]
[Site "http://www.queenalice.com/game.php?id=45413"]
[Date "2005.12.27"]
[Round "1"]
[White "meroej"]
[Black "joshua_08"]
[Result "0-1"]
[WhiteElo "1693"]
[BlackElo "1527"]

1. e4 e5 2. Nf3 d6 3. h3 Nf6 4. Nc3 d5 5. exd5 Bb4 6. Bc4 O-O 7. O-O e4 8. Nd4
Nbd7 9. a3 Bxc3 10. dxc3 c5 11. dxc6 bxc6 12. Nxc6 Qc7 13. Ne7+ Kh8 14. Bd5 Rb8
15. Bb3 Nb6 0-1

[Event "AUTO-OPEN-198"]
[Site "http://www.queenalice.com/game.php?id=45414"]
[Date "2005.12.27"]
[Round "1"]
[White "joshua_08"]
[Black "meroej"]
[Result "1-0"]
[WhiteElo "1550"]
[BlackElo "1670"]

1. e4 e6 2. Qh5 Nf6 3. Qf3 c5 4. e5 Nd5 5. Nh3 Be7 6. d3 d6 7. Bg5 Bxg5 8. g4
Bh4 9. exd6 Qxd6 10. c4 Nb4 11. Na3 N8c6 12. Nb5 Qe5+ 13. Qe2 Qxe2+ 14. Bxe2 O-O
15. O-O 1-0

[Event "AUTO-MASTER-86"]
[Site "http://www.queenalice.com/game.php?id=45564"]
[Date "2005.12.28"]
[Round "1"]
[White "tewald"]
[Black "meroej"]
[Result "0-1"]
[WhiteElo "1784"]
[BlackElo "1759"]

1. Nf3 b6 2. g3 Bb7 3. Bg2 g6 4. d3 Bg7 5. O-O Nf6 6. Nbd2 O-O 7. e4 d6 8. h4 e5
9. Nh2 Nh5 10. Ndf3 f5 11. Ng5 Qe7 12. c3 h6 13. Nh3 f4 14. gxf4 exf4 15. Bf3
Qxh4 16. Kg2 Nd7 17. Bxh5 gxh5 18. Nf3 Qg4+ 19. Kh2 Ne5 20. Nxe5 dxe5 21. Qb3+
Kh7 22. Qc2 Bc8 23. f3 Qxh3+ 24. Kg1 Rg8 25. Rf2 Bf6+ 26. Rg2 Be6 27. b3 Qxf3
28. Ba3 Bh3 0-1

[Event "AUTO-MASTER-86"]
[Site "http://www.queenalice.com/game.php?id=45565"]
[Date "2005.12.28"]
[Round "1"]
[White "meroej"]
[Black "tewald"]
[Result "1-0"]
[WhiteElo "1740"]
[BlackElo "1803"]

1. e4 e5 2. Nf3 Nc6 3. c3 Nf6 4. d3 Be7 5. Be3 O-O 6. Be2 d6 7. O-O h6 8. Nbd2
Ng4 9. h3 Nxe3 10. fxe3 Bg5 11. Nxg5 Qxg5 12. Rf3 f5 13. Qf1 Be6 14. Kh2 fxe4
15. Nxe4 Rxf3 16. Qxf3 Qg6 17. Rf1 Ne7 18. Ng3 c6 19. b3 Nd5 20. Ne4 Rd8 21.
Nxd6 Rxd6 22. Qf8+ Kh7 23. Qxd6 Nxe3 24. Rf2 Nf5 25. Qxe5 b6 26. Bg4 1-0

[Event "AUTO-MASTER-86"]
[Site "http://www.queenalice.com/game.php?id=45576"]
[Date "2005.12.28"]
[Round "1"]
[White "salazar"]
[Black "meroej"]
[Result "1-0"]
[WhiteElo "1930"]
[BlackElo "1734"]

1. e4 e6 2. d4 d5 3. e5 Ne7 4. Nf3 Ng6 5. Bd3 c5 6. c3 a6 7. O-O Nc6 8. a3 h6 9.
b4 b6 10. Re1 Be7 11. Nbd2 O-O 12. Nf1 Nh4 13. Nxh4 Bxh4 14. Qg4 cxd4 15. Bxh6
g5 16. cxd4 f5 17. exf6 Qxf6 18. Bxf8 Bxf2+ 19. Kh1 1-0

[Event "AUTO-MASTER-86"]
[Site "http://www.queenalice.com/game.php?id=45577"]
[Date "2005.12.28"]
[Round "1"]
[White "meroej"]
[Black "salazar"]
[Result "0-1"]
[WhiteElo "1743"]
[BlackElo "1921"]

1. e4 e5 2. c3 Nf6 3. f3 d6 4. d4 Nbd7 5. Bc4 Be7 6. Be3 O-O 7. Ne2 c6 8. Nd2 b5
9. Bb3 Bb7 10. O-O d5 11. dxe5 Nxe5 12. h3 dxe4 13. fxe4 c5 14. Bc2 c4 15. Nd4
Bc5 16. Rf2 b4 17. Qe2 bxc3 18. bxc3 Qa5 0-1

[Event "AUTO-MASTER-86"]
[Site "http://www.queenalice.com/game.php?id=45584"]
[Date "2005.12.28"]
[Round "1"]
[White "meroej"]
[Black "Lionel"]
[Result "0-1"]
[WhiteElo "1789"]
[BlackElo "1941"]

1. e4 c5 2. c3 Nc6 3. d4 d5 4. e5 cxd4 5. cxd4 Bf5 6. Nc3 e6 7. a3 Nge7 8. Be3
Rc8 9. Bd3 Bxd3 10. Qxd3 Nf5 11. Nge2 Nxe3 12. Qxe3 Na5 13. O-O Nc4 14. Qc1 Qb6
15. Ra2 Be7 16. b4 Qa6 17. Qb2 Nxb2 0-1

[Event "AUTO-MASTER-86"]
[Site "http://www.queenalice.com/game.php?id=45585"]
[Date "2005.12.28"]
[Round "1"]
[White "Lionel"]
[Black "meroej"]
[Result "1-0"]
[WhiteElo "1973"]
[BlackElo "1750"]

1. d4 g6 2. e4 Bg7 3. Nf3 e6 4. Bd3 d6 5. O-O Ne7 6. Bg5 O-O 7. Re1 f6 8. Bf4 e5
9. Be3 f5 10. Bc4+ Kh8 11. Ng5 f4 12. Bc1 exd4 13. Nf7+ Rxf7 14. Bxf7 Qf8 15.
Bd5 c6 16. Bc4 b5 17. Be2 Be5 18. Bg4 Nd7 19. Be6 Nf6 20. Bb3 c5 21. a4 b4 22.
Ba2 Bd7 23. Re2 Bxa4 24. Bc4 Bc6 25. Qd3 g5 26. h3 h5 27. Ra2 g4 28. hxg4 hxg4
29. Re1 1-0